[Event "14th WGM Rector Cup"]
[Site "Kharkiv UKR"]
[Date "2012.03.31"]
[Round "6"]
[White "Andrenko,I"]
[Black "Shapoval,Galina"]
[Result "1/2-1/2"]
[WhiteElo "2227"]
[BlackElo "2183"]

1.e4 c5 2.c3 Nf6 3.e5 Nd5 4.d4 cxd4 5.cxd4 e6 6.Nf3 Nc6 7.Bc4 d6 8.O-O Be7
9.Qe2 dxe5 10.dxe5 O-O 11.Nc3 Nxc3 12.bxc3 Qc7 13.Re1 Rd8 14.Qe4 g6 15.Bg5 Bxg5
16.Nxg5 h6 17.Nf3 Na5 18.Bf1 Qe7 19.h4 Bd7 20.Nh2 h5 21.Re3 b6 22.Be2 Bc6
23.Qf4 Kh7 24.g4 Rg8 25.Rg3 Rad8 26.Nf3 Bxf3 27.Bxf3 hxg4 28.Rxg4 Nb7 29.h5 Nc5
30.hxg6+ Rxg6 31.Kg2 Rh8 32.Rh1+ Kg8 33.Be4 Nxe4 34.Rxg6+ fxg6 35.Rxh8+ Kxh8
36.Qxe4 Kg7 37.f4 Qd7 38.Kg3 Kf7 39.a4 Kg7 40.Kh4 Qd2 41.Kg5 Qd8+ 42.Kg4 Qd1+
43.Qf3 Qxa4 44.Qb7+ Kh6 45.Qh1+ Kg7 46.Kg5 Qe8 47.Qh6+ Kg8 48.Qh1 Qf7 49.Qa8+ Kg7
50.Kg4 Qf5+ 51.Kg3 Qd3+ 52.Kh4 Qd7 53.c4 Qf7 54.Kg3 Qc7 55.Qe8 Qf7 56.Qd8 Qf5  1/2-1/2

[Event "TCh-NED Meesterklasse 2011-12"]
[Site "Netherlands NED"]
[Date "2012.03.31"]
[Round "8.9"]
[White "Van de Oudeweetering,A"]
[Black "Nabuurs,M"]
[Result "0-1"]
[WhiteElo "2338"]
[BlackElo "2189"]

1.e4 c5 2.c3 Nf6 3.e5 Nd5 4.d4 cxd4 5.Nf3 Nc6 6.Bc4 Nb6 7.Bb3 d5 8.exd6 Qxd6
9.O-O Be6 10.Bxe6 Qxe6 11.Nxd4 Qd5 12.Be3 Nc4 13.Nd2 Nxe3 14.fxe3 e5 15.Nxc6 bxc6
16.Qe2 Be7 17.Nc4 O-O 18.Rad1 Qe6 19.e4 Rad8 20.b3 Bc5+ 21.Kh1 g6 22.g3 Rxd1
23.Rxd1 f5 24.b4 Be7 25.exf5 Rxf5 26.Ne3 Rf8 27.Qc4 Qxc4 28.Nxc4 Rf3 29.Rc1 Bf6
30.Nd2 Re3 31.Rf1 Bg7 32.Nf3 e4 33.Ng5 h6 34.Ne6 Rxc3 35.Rd1 Rd3 36.Rc1 e3
37.Nxg7 e2  0-1

[Event "13th EICC"]
[Site "Plovdiv BUL"]
[Date "2012.03.31"]
[Round "11.100"]
[White "Ali Marandi,C"]
[Black "Filip,L"]
[Result "1/2-1/2"]
[WhiteElo "2315"]
[BlackElo "2483"]

1.e4 c5 2.c3 Nf6 3.e5 Nd5 4.d4 cxd4 5.Nf3 e6 6.cxd4 d6 7.Bc4 Nc6 8.O-O Be7
9.Qe2 O-O 10.Nc3 dxe5 11.dxe5 Nxc3 12.bxc3 Qc7 13.Qe4 Rd8 14.Re1 b6 15.Ng5 g6
16.Qh4 h5 17.Qf4 Bxg5 18.Qxg5 Bb7 19.Qf6 Ne7 20.Bxe6 fxe6 21.Qxe6+ Kh8 22.Qf6+ Kg8
23.Qe6+ Kh8 24.Qf6+ Kg8 25.Qe6+ Kh8  1/2-1/2

[Event "TCh-BEL 2011-12"]
[Site "Belgium BEL"]
[Date "2012.04.01"]
[Round "11.2"]
[White "Daels,M"]
[Black "Bokros,A"]
[Result "0-1"]
[WhiteElo "2233"]
[BlackElo "2452"]

1.e4 c5 2.c3 Nf6 3.e5 Nd5 4.d4 cxd4 5.Nf3 e6 6.cxd4 d6 7.Bc4 Nc6 8.O-O Be7
9.Qe2 O-O 10.Qe4 Qc7 11.a3 Bd7 12.Re1 Rac8 13.exd6 Qxd6 14.Ba2 f5 15.Qd3 Bf6
16.Nc3 Nxc3 17.bxc3 Kh8 18.Bg5 e5 19.Bxf6 e4 20.Qe3 Rxf6 21.Ng5 Rcf8 22.f3 exf3
23.Qxf3 h6 24.Qh5 Nd8 25.Kh1 Bc6 26.d5 Bd7 27.c4 Qxa3 28.Re2 Kg8 29.Nf3 Nf7
30.Rae1 b6 31.h3 a5 32.Nd4 Ng5 33.Ne6 Bxe6 34.dxe6 Ne4 35.Rxe4 fxe4 36.c5 Qxa2
37.e7 bxc5 38.exf8=Q+ Rxf8 39.Qxc5 Qe6 40.Qxa5 e3 41.Re2 Rf1+ 42.Kh2 Qd6+
43.g3 Qd3  0-1

[Event "28th Budapest Spring Festival"]
[Site "Budapest HUN"]
[Date "2012.04.01"]
[Round "7.5"]
[White "Brustkern,J"]
[Black "Letay,G"]
[Result "1-0"]
[WhiteElo "2229"]
[BlackElo "1989"]

1.e4 c5 2.c3 Nf6 3.e5 Nd5 4.d4 cxd4 5.Nf3 Nc6 6.cxd4 d6 7.Bc4 Nb6 8.Bb3 d5
9.Nh4 Na5 10.Bc2 e6 11.Nf3 Bd7 12.Nc3 Rc8 13.O-O Bb4 14.Bd3 Bxc3 15.bxc3 Nbc4
16.Ng5 g6 17.Nh3 h6 18.Nf4 Qe7 19.Ne2 Kd8 20.f4 Kc7 21.Rb1 Kb8 22.Kh1 Bc6
23.Ng1 Ka8 24.Nf3 Rcg8 25.Ne1 f5 26.exf6 Qxf6 27.Nf3 g5 28.fxg5 hxg5 29.Nxg5 Qh6
30.Nf3 Qh5 31.h3 e5 32.Ng1 Qh4 33.Qe1 Qh5 34.Qe2 Qh4 35.Qe1 Qh5 36.Rf5 Qe8
37.Be3 Bd7 38.Rg5 Rxg5 39.Bxg5 e4 40.Bf1 Qh5 41.Bf4 Qf5 42.Qg3 a6 43.Be2 Qh7
44.Qg5 Rg8 45.Qf6 e3 46.Re1 Bf5 47.Bf3 Be4 48.Bxe3 Bxf3 49.Qxf3 Qc2 50.Qxd5 Re8
51.Bf4  1-0

[Event "TCh-CZE Liga1 Vychod"]
[Site "Czech Rep CZE"]
[Date "2012.04.01"]
[Round "11"]
[White "Korenek,P"]
[Black "Dobes,V"]
[Result "0-1"]
[WhiteElo "2183"]
[BlackElo "2061"]

1.e4 c5 2.c3 Nf6 3.e5 Nd5 4.d4 cxd4 5.cxd4 e6 6.Nf3 Nc6 7.Nc3 Nxc3 8.bxc3 d6
9.exd6 Bxd6 10.Bd3 Be7 11.O-O O-O 12.Qe2 Bf6 13.h4 Qa5 14.Bg5 Bxg5 15.hxg5 Ne7
16.c4 Ng6 17.g3 Bd7 18.Bxg6 hxg6 19.Ne5 Bc6 20.Rad1 Rfd8 21.Rd3 Rac8 22.g4 b5
23.Nxg6 Re8 24.Ne5 bxc4 25.Rh3 Qd5 26.f3 Qxd4+ 27.Kg2 c3 28.Rfh1 Kf8 29.Rd1 Qb4
30.Kg3 Bb5 31.Qe3 Rc7 32.Rd4 Qb1 33.Rf4 Kg8 34.g6 fxg6 35.Re4 c2 36.Nxg6 c1=Q
37.Rh8+ Kf7 38.Ne5+ Ke7 39.Ng6+ Kf7 40.Ne5+ Ke7 41.Ng6+ Kd8 42.Rd4+ Kc8 43.Rxe8+ Bxe8
44.Qxe6+ Kb7 45.Qd5+ Bc6 46.Qd6 Qg1+ 47.Kh4 Qxd4  0-1

[Event "28th Budapest Spring Festival"]
[Site "Budapest HUN"]
[Date "2012.04.02"]
[Round "8.8"]
[White "Halak,M"]
[Black "Farago,S"]
[Result "0-1"]
[WhiteElo "2026"]
[BlackElo "2296"]

1.e4 c5 2.c3 Nf6 3.e5 Nd5 4.Nf3 e6 5.Bc4 Nc7 6.d4 cxd4 7.cxd4 d5 8.Bd3 Be7
9.Nc3 Nc6 10.a3 Rb8 11.Qe2 a6 12.Bd2 Na5 13.Rd1 b5 14.O-O Nc4 15.Bc1 Bb7
16.Nd2 Rc8 17.Qg4 g6 18.Qg3 Ba8 19.Qh3 h5 20.f4 Qd7 21.g4 Qc6 22.f5 Kd7 23.Nxc4 hxg4
24.fxe6+ Nxe6 25.Qxg4 dxc4 26.Be4 Qb6 27.Bxa8 Rxa8 28.Rxf7 Raf8 29.Rdf1 Rxf7
30.Rxf7 Kd8 31.Be3 Qc6 32.Qxg6 Qe8 33.Rg7 Qxg6+ 34.Rxg6 Ke8  0-1

[Event "European Senior Teams 2012"]
[Site "Rogaska Slatina SLO"]
[Date "2012.04.03"]
[Round "8.10"]
[White "Schrickx,F"]
[Black "Bukacek,E"]
[Result "1/2-1/2"]
[WhiteElo "1874"]
[BlackElo "2155"]

1.e4 c5 2.c3 Nf6 3.e5 Nd5 4.d4 cxd4 5.cxd4 e6 6.Nf3 d6 7.Bc4 Nb6 8.Bb3 Nc6
9.O-O Be7 10.Nc3 dxe5 11.dxe5 Qxd1 12.Rxd1 O-O 13.Bf4 h6 14.h4 a5 15.a4 Nd7  1/2-1/2

[Event "5th Pedro Montalvo"]
[Site "Las Palmas ESP"]
[Date "2012.04.04"]
[Round "3"]
[White "Ramirez Maillo,Juan Adonay"]
[Black "Garcia Blanco,O"]
[Result "0-1"]
[WhiteElo "1575"]
[BlackElo "2205"]

1.e4 c5 2.c3 Nf6 3.e5 Nd5 4.d4 cxd4 5.Nf3 e6 6.cxd4 d6 7.Bc4 Nb6 8.Bb3 dxe5
9.Nxe5 Nc6 10.Nxc6 bxc6 11.O-O Be7 12.Be3 O-O 13.Nd2 Ba6 14.Re1 Nd5 15.a3 Rb8
16.Rc1 Qb6 17.Qc2 Rfc8 18.Qe4 Qa5 19.Bc2 Nf6 20.Qe5 Rb5 21.Qg3 Rxb2 22.Bg5 Nh5
23.Bxh7+ Kxh7 24.Qh3 Qxg5 25.Re5 f5 26.f4 Qh6 27.Ne4 Nxf4  0-1

[Event "European Senior Teams 2012"]
[Site "Rogaska Slatina SLO"]
[Date "2012.04.04"]
[Round "9.16"]
[White "Kirmas,J"]
[Black "Ulker,A"]
[Result "0-1"]
[WhiteElo "2050"]
[BlackElo "2068"]

1.e4 c5 2.c3 Nf6 3.e5 Nd5 4.d4 cxd4 5.Qxd4 e6 6.Nf3 Nc6 7.Qe4 d6 8.Nbd2 Be7
9.Nc4 dxe5 10.Ncxe5 Nxe5 11.Nxe5 O-O 12.Bd3 Nf6 13.Qf3 Qc7 14.Bf4 Bd6 15.Qe2 Nd5
16.Bg3 Nxc3 17.Bxh7+ Kxh7 18.Qd3+ g6 19.Nxg6 Rd8 20.Ne5+ Kg7 21.Qxc3 Qxc3+
22.bxc3 f6 23.Nf3 Bxg3 24.hxg3 e5 25.Rb1 b6 26.Rb4 Be6 27.a4 Rac8 28.O-O Rxc3
29.g4 Rb3 30.Rb1 Rxb1+ 31.Rxb1 Bxg4 32.a5 bxa5 33.Rb7+ Rd7 34.Rb5 a4 35.Ra5 Rd1+
36.Kh2 Bd7 37.Rxa7 Kf7 38.Kg3 Ke6 39.Ra6+ Rd6 40.Ra5 Bc6 41.Ne1 Rd8 42.Ra6 Kd6
43.Nc2 Kc5 44.Ra7 Rd7 45.Ra6 Kb5 46.Nb4 Bb7  0-1

[Event "O2C Doeberl Cup Premier 2012"]
[Site "Canberra AUS"]
[Date "2012.04.05"]
[Round "2.4"]
[White "Szabo,G ROM"]
[Black "Dragicevic,Do"]
[Result "1-0"]
[WhiteElo "2553"]
[BlackElo "2328"]

1.e4 c5 2.c3 Nf6 3.e5 Nd5 4.d4 cxd4 5.Nf3 d6 6.Qxd4 e6 7.Nbd2 Nc6 8.Bb5 Qb6
9.Qxb6 Nxb6 10.exd6 Bxd6 11.Ne4 Be7 12.Bf4 O-O 13.Bd6 Nd5 14.O-O-O Bxd6 15.Nxd6 Rd8
16.Ne4 Bd7 17.Nc5 Rab8 18.c4 Nf6 19.Nxb7 Rdc8 20.Nd6 Rc7 21.Kb1 Kf8 22.Rhe1 a6
23.Bxa6 Nb4 24.Bb5 Bxb5 25.cxb5 Nbd5 26.Ne5 Ne8 27.Nxe8 Rxe8 28.Nc6 Ra8 29.Rd4  1-0

[Event "Cebanenco Mem IM 2012"]
[Site "Kishinev MDA"]
[Date "2012.04.05"]
[Round "4"]
[White "Chircu,V"]
[Black "Kalinina,M"]
[Result "1-0"]
[WhiteElo "2190"]
[BlackElo "2042"]

1.e4 c5 2.c3 Nf6 3.e5 Nd5 4.d4 cxd4 5.Nf3 Nc6 6.cxd4 d6 7.Bc4 Nb6 8.Bb5 dxe5
9.Nxe5 Bd7 10.Nxd7 Qxd7 11.O-O e6 12.Nc3 Rd8 13.Be3 Be7 14.Qg4 O-O 15.Rfd1 f5
16.Qg3 Nd5 17.Bh6 Bd6 18.f4 Kh8 19.Bg5 Rde8 20.Qf3 h6 21.Bh4 a6 22.Ba4 b5
23.Bb3 Nxf4 24.d5 exd5 25.Bxd5 Nb4 26.Bb3 Ng6 27.Bf2 Ne5 28.Qg3 Ned3 29.Qh4 Qc7
30.Bd4 Be5 31.a3 Nc5 32.Bxe5 Rxe5 33.Qxb4 Rfe8 34.Bc2 Qb6 35.Qd4 Qg6 36.Rf1 a5
37.Rad1 Ne4 38.Bxe4 fxe4 39.Qe3 Qe6 40.Rf4 b4 41.axb4 axb4 42.Ne2 Qa2 43.b3 Qc2
44.Rd2 Qc6 45.h3 Ra8 46.Kh2 Ra3 47.Rd4 Qc7 48.Kg1 Qc5 49.Rfxe4 Rf5 50.Rd8+ Kh7
51.Qxc5 Rxc5 52.Rxb4 Ra2 53.Re8 Ra1+ 54.Kf2 Rf5+ 55.Rf4 Rb5 56.b4 Rb1 57.Ree4 Rb2
58.Kg1 g5 59.Rf6 Kg7 60.Rc6 Rb7 61.Rcc4 Rf7 62.Re6 Rb1+ 63.Kh2 Rb2 64.Kg3 Rb3+
65.Kg4 Rf2 66.Kh5 Rxg2 67.Rc7+ Kf8 68.Nd4 Rxb4 69.Rf6+ Kg8 70.Ne6  1-0

[Event "5th Pedro Montalvo"]
[Site "Las Palmas ESP"]
[Date "2012.04.05"]
[Round "4"]
[White "Herrera Reyes,J"]
[Black "Cabrera Trujillo,J"]
[Result "0-1"]
[WhiteElo "2220"]
[BlackElo "2357"]

1.e4 c5 2.c3 Nf6 3.e5 Nd5 4.d4 cxd4 5.Nf3 Nc6 6.cxd4 d6 7.Bc4 e6 8.O-O Be7
9.Qe2 a6 10.Qe4 O-O 11.Qg4 Kh8 12.Qh5 dxe5 13.dxe5 Ndb4 14.Nc3 Nd4 15.a3 Nxf3+
16.Qxf3 Nc6 17.Qe2 Qd4 18.Re1 Nxe5 19.Ba2 Ng6 20.Be3 Qe5 21.Rad1 Rd8 22.Qf3 Rxd1
23.Rxd1 Kg8 24.Bb1 Nh4 25.Qh3 Qc7 26.Qg4 Bd7 27.Bh6 Ng6 28.Qd4 gxh6 29.Qxd7 Rc8
30.h3 Bxa3 31.Qd2 Bb4 32.Qxh6 Bxc3 33.bxc3 Qf4 34.Qxf4 Nxf4 35.Rd7 Ne2+ 36.Kh2 b5
37.Ra7 Nxc3 38.Bd3 Rd8 39.Bc2 Rd2 40.Bb3 Rb2  0-1

[Event "16th Neckar Open"]
[Site "Deizisau GER"]
[Date "2012.04.07"]
[Round "4.13"]
[White "Michalczak,T"]
[Black "Solodovnichenko,Y"]
[Result "1/2-1/2"]
[WhiteElo "2326"]
[BlackElo "2615"]

1.e4 c5 2.c3 Nf6 3.e5 Nd5 4.Nf3 Nc6 5.Bc4 e6 6.d4 cxd4 7.cxd4 d6 8.O-O Be7
9.exd6 Qxd6 10.Nc3 O-O 11.Re1 Rd8 12.Bb3 Nf6 13.Nb5 Qd7 14.Bf4 Bb4 15.Re3 Ne7
16.Nc7 Ned5 17.Bxd5 Nxd5 18.Nxd5 Qxd5 19.Bc7 Rf8 20.Re5 Qd7 21.Rc1 Be7 22.Ra5 b5
23.Ne5 Qd5 24.Nc6 Bf6 25.Be5 Bb7 26.Bxf6 Bxc6 27.Qg4 Qxg2+ 28.Qxg2 Bxg2 29.Bxg7 Kxg7
30.Kxg2 Rfd8  1/2-1/2

[Event "5th Pedro Montalvo"]
[Site "Las Palmas ESP"]
[Date "2012.04.07"]
[Round "8"]
[White "De la Cruz Sanchez,G"]
[Black "Reinaldo Castineira,R"]
[Result "0-1"]
[WhiteElo "2288"]
[BlackElo "2470"]

1.e4 c5 2.c3 Nf6 3.e5 Nd5 4.d4 cxd4 5.Nf3 e6 6.cxd4 d6 7.Bc4 Nc6 8.O-O Be7
9.Qe2 O-O 10.Qe4 Bd7 11.Qg4 f5 12.Qg3 dxe5 13.dxe5 Ncb4 14.Bh6 Rf7 15.Ng5 Bxg5
16.Bxg5 Qc7 17.Bxd5 Nxd5 18.Nc3 Nxc3 19.bxc3 Rc8 20.Rfc1 Qc4 21.Qf4 b6 22.f3 h6
23.Qxc4 Rxc4 24.Be3 f4 25.Bd4 Bc6 26.Rcb1 Rd7 27.a3 Ra4 28.Rb4 Ra5 29.Kf2 Kf7
30.Ke1 Ke7 31.Kf2 Rdd5 32.Ke1 Ra6 33.Rb3 Rda5 34.c4 Ra4 35.Rc3 R6a5 36.Kd2 Bb7
37.Kc2 Ba6 38.Kb3 Bb7 39.Rd3 Ba6 40.Rc3 Kf7 41.Bf2 b5 42.cxb5 Bxb5 43.Rc5 Be2
44.Rxa5 Rxa5 45.a4 a6 46.Bd4 Rd5 47.Kc3 Rd7 48.Bc5 Rd3+ 49.Kc2 Rd5 50.Bd6 g5
51.Re1 Bd3+ 52.Kc3 Bg6 53.Re2 Rd3+ 54.Kb4 Rd5 55.Kc3 Rd1 56.Kb2 Rh1 57.h3 Bd3
58.Rd2 Bf1 59.Bc5 Rh2 60.Rd7+ Kg6 61.Re7 Bc4 62.Kc3 Bd5 63.Ra7 Rxg2 64.Rxa6 Rg3
65.Rd6 Rxf3+ 66.Kd2 Rxh3 67.a5 Rh2+ 68.Ke1 Ra2 69.a6 Kf5 70.a7 Kxe5 71.Rb6 Rxa7  0-1

[Event "Paskturneringen Open"]
[Site "Norrkoping SWE"]
[Date "2012.04.07"]
[Round "5"]
[White "Solberg,J"]
[Black "Blomqvist,E"]
[Result "1/2-1/2"]
[WhiteElo "2241"]
[BlackElo "2451"]

1.e4 c5 2.c3 Nf6 3.e5 Nd5 4.Nf3 e6 5.d4 cxd4 6.cxd4 d6 7.Nc3 Nxc3 8.bxc3 Qc7
9.Bd2 Nd7 10.exd6 Bxd6 11.Bd3 b6 12.O-O Bb7 13.Qe2 O-O 14.h3 Bf4 15.Bxf4 Qxf4
16.Qe3 Qd6 17.Rfd1 Rac8 18.c4 Rc7 19.a4 g6 20.Ng5 e5 21.Qg3 Kg7 22.Bf5 Qe7
23.Bxd7 Rxd7 24.dxe5 Rxd1+ 25.Rxd1 h6 26.Nf3 Bxf3 27.gxf3 Rc8 28.Qf4  1/2-1/2

[Event "Karposh Open 2012"]
[Site "Skopje MKD"]
[Date "2012.04.07"]
[Round "1.30"]
[White "Orehek,S"]
[Black "Potapov,P"]
[Result "0-1"]
[WhiteElo "1992"]
[BlackElo "2473"]

1.e4 c5 2.c3 Nf6 3.e5 Nd5 4.d4 cxd4 5.cxd4 g6 6.Nf3 Nc6 7.Nc3 Nxc3 8.bxc3 Bg7
9.Bd3 O-O 10.Bf4 b6 11.O-O Bb7 12.d5 Na5 13.c4 Rc8 14.Qe2 Ba6 15.Rac1 Nb7
16.Qd2 Nc5 17.Bb1 d6 18.exd6 exd6 19.Bh6 Bxh6 20.Qxh6 Qf6 21.Rfd1 Rfe8 22.Rd4 Qg7
23.Qf4 Rcd8 24.h4 h6 25.Nd2 g5 26.hxg5 hxg5 27.Qg4 Bc8  0-1

[Event "Karposh Open 2012"]
[Site "Skopje MKD"]
[Date "2012.04.07"]
[Round "1.4"]
[White "Stamnov,A"]
[Black "Mastrovasilis,D"]
[Result "0-1"]
[WhiteElo "2184"]
[BlackElo "2631"]

1.e4 c5 2.c3 Nf6 3.e5 Nd5 4.d4 cxd4 5.Nf3 e6 6.cxd4 d6 7.a3 Bd7 8.Bd3 Bc6
9.O-O Nd7 10.b4 a6 11.Re1 dxe5 12.Nxe5 Nxe5 13.dxe5 Rc8 14.Be4 Nxb4 15.Bxc6+ Nxc6
16.Nd2 Be7 17.Qg4 O-O 18.Nf3 Qd3 19.h4 Rfd8 20.Re4 h5 21.Qf4 Qc3 22.Rb1 Rd1+
23.Kh2 Qc2 24.Ra1 Qxf2 25.Be3 Qf1 26.Ra2 f6 27.Rc4 Rf8 28.Qe4 Nxe5 29.Nxe5 Bd6
30.Bf4 fxe5 31.Be3 Qh1+ 32.Kg3 Rd4  0-1

[Event "16th Neckar Open"]
[Site "Deizisau GER"]
[Date "2012.04.08"]
[Round "7.10"]
[White "Baklan,V"]
[Black "Sipila,V"]
[Result "1-0"]
[WhiteElo "2612"]
[BlackElo "2364"]

1.e4 c5 2.c3 Nf6 3.e5 Nd5 4.Nf3 d6 5.Bc4 e6 6.d4 cxd4 7.cxd4 dxe5 8.dxe5 Bb4+
9.Bd2 O-O 10.O-O Qb6 11.Qc2 h6 12.Nc3 Nc6 13.Qe4 Rd8 14.Rad1 Nxc3 15.bxc3 Bf8
16.h4 Ne7 17.Bd3 g6 18.h5 Qc6 19.hxg6 Nxg6 20.Qe2 Bg7 21.Nd4 Qc5 22.f4 Bd7
23.Rf3 Nh4 24.Rg3 Nf5 25.Bxf5 exf5 26.Qh5 Be6 27.Qxh6 Qf8 28.Bc1 Rac8 29.Ba3 Qxa3
30.Qxg7+  1-0

[Event "Karposh Open 2012"]
[Site "Skopje MKD"]
[Date "2012.04.08"]
[Round "2.7"]
[White "Menkinoski,R"]
[Black "Kozul,Z"]
[Result "0-1"]
[WhiteElo "2369"]
[BlackElo "2602"]

1.e4 c5 2.c3 Nf6 3.e5 Nd5 4.d4 cxd4 5.Nf3 e6 6.cxd4 d6 7.Bc4 Be7 8.O-O O-O
9.Qe2 Bd7 10.Rd1 Bc6 11.Bd2 Nd7 12.Nc3 N7b6 13.Nxd5 Nxd5 14.exd6 Qxd6 15.Ne5 Rfd8
16.Bd3 Be8 17.Qe4 g6 18.Qf3 Qb6 19.Be3 Rac8 20.Rd2 Bf6 21.Nc4 Qc7 22.Rc2 Qe7
23.a3 Bg7 24.Nd2 Rxc2 25.Bxc2 Nxe3 26.fxe3 e5 27.d5 f5 28.Bb3 Qc5 29.Qf2 e4
30.Nf1 Bb5 31.Rd1 Bd3 32.Ba2 a5 33.Kh1 a4 34.Qh4 Qd6 35.Qf2 Qb6 36.Rd2 Rc8
37.Qe1 Bxb2 38.d6+ Kg7 39.d7 Rd8  0-1

[Event "Karposh Open 2012"]
[Site "Skopje MKD"]
[Date "2012.04.08"]
[Round "2.28"]
[White "Potapov,P"]
[Black "Emiroglu,C"]
[Result "1/2-1/2"]
[WhiteElo "2473"]
[BlackElo "2214"]

1.e4 c5 2.c3 Nf6 3.e5 Nd5 4.Bc4 Nb6 5.Bb3 c4 6.Bc2 Nc6 7.Nf3 Qc7 8.Qe2 g5
9.h3 Bg7 10.O-O Nxe5 11.Nxg5 d5 12.Re1 e6 13.Na3 Bd7 14.Nf3 Nxf3+ 15.Qxf3 d4
16.cxd4 Bxd4 17.Be4 O-O-O 18.Nc2 Bc5 19.d4 cxd3 20.Bxd3 Bc6 21.Be4 Nd5 22.Ne3 Nb4
23.Bxc6 Nxc6 24.Nc4 Nd4 25.Qc3 Rhg8 26.Ne5 f6 27.Ng4 Qc6 28.Be3 f5 29.Bxd4 Bxd4
30.Qxc6+ bxc6 31.Ne5 Bxb2  1/2-1/2

[Event "Campomanes Mem GM Open"]
[Site "Bandar Seri Begawan BRU"]
[Date "2012.04.09"]
[Round "3.10"]
[White "Yeoh,L"]
[Black "Karunanayake,Ma"]
[Result "1-0"]
[WhiteElo "2204"]
[BlackElo "1675"]

1.e4 c5 2.c3 Nf6 3.e5 Nd5 4.d4 cxd4 5.cxd4 d6 6.Nf3 Nc6 7.Bc4 Nb6 8.Bb3 d5
9.Nh4 h6 10.f4 e6 11.Nf3 Bb4+ 12.Bd2 Bxd2+ 13.Nbxd2 Na5 14.Bc2 Nac4 15.Qe2 Nxd2
16.Nxd2 Bd7 17.O-O Rc8 18.Bd3 Qe7 19.Nb3 h5 20.Nc5 Bc6 21.f5 exf5 22.Rxf5 g6
23.Rf4 Nd7 24.Nb3 Nb6 25.Raf1 O-O 26.Rf6 Kg7 27.e6 Be8 28.Qe5 Kh7 29.Qxh5+ Kg8
30.Qh6 Rc7 31.Bxg6 fxg6 32.Rxf8+ Qxf8 33.Rxf8+  1-0

[Event "Karposh Open 2012"]
[Site "Skopje MKD"]
[Date "2012.04.09"]
[Round "4.8"]
[White "Potapov,P"]
[Black "Palac,M"]
[Result "0-1"]
[WhiteElo "2473"]
[BlackElo "2593"]

1.e4 c5 2.c3 Nf6 3.e5 Nd5 4.Bc4 Nb6 5.Bb3 c4 6.Bc2 Nc6 7.Nf3 d6 8.exd6 Qxd6
9.O-O Bg4 10.Re1 Qf6 11.b3 Bxf3 12.Qxf3 Qxf3 13.gxf3 e6 14.Na3 Bxa3 15.Bxa3 O-O-O
16.Bc1 e5 17.Re4 cxb3 18.axb3 Nd5 19.b4 a6 20.Ba4 b5 21.Bc2 Kb7 22.Bb2 Rd6
23.d3 Rhd8 24.Rd1 Nf4 25.Re3 Rg6+ 26.Kh1 Rg2 27.Re2 Rd6 28.Bc1 Rxh2+ 29.Kxh2 Rh6+  0-1

[Event "Sydney International Open"]
[Site "Parramatta AUS"]
[Date "2012.04.11"]
[Round "2.1"]
[White "Vajda,Le"]
[Black "Sukandar,I"]
[Result "1-0"]
[WhiteElo "2597"]
[BlackElo "2349"]

1.e4 c5 2.c3 Nf6 3.e5 Nd5 4.d4 cxd4 5.Nf3 e6 6.cxd4 d6 7.Bc4 Nc6 8.O-O Be7
9.Qe2 O-O 10.Nc3 dxe5 11.dxe5 Nxc3 12.bxc3 Qa5 13.Bd2 Rd8 14.Rfe1 Bd7 15.Bb3 Be8
16.Qe4 Qc5 17.Ng5 g6 18.Qh4 h5 19.Qf4 Bxg5 20.Qxg5 Ne7 21.Be3 Qc7 22.Qf6 Kh7
23.Bg5 Nf5 24.Bc2 Ng7 25.Re3 Rd2 26.Bb3 a5 27.Bd1 Qc4 28.Bb3 Qc5 29.Ree1 Rd3
30.Be3 Qc7 31.c4 a4 32.Bd1 Ra5 33.Be2 Rd7 34.Bf4 Qd8 35.Qxd8 Rxd8 36.Rad1 Rxd1
37.Rxd1 Bc6 38.h4 Nf5 39.Rd8 b6 40.Bg5 a3 41.Bf6 Ng7 42.Rf8 Ra7 43.Bd1 b5
44.cxb5 Bd5 45.Bf3 Bxf3 46.gxf3 Rb7 47.b6 g5 48.Bxg5 Nf5 49.Bd8 Nd4 50.Bc7 Nxf3+
51.Kg2 Nxh4+ 52.Kh3 Ng6 53.Rb8 Rxb8 54.Bxb8  1-0

[Event "Karposh Open 2012"]
[Site "Skopje MKD"]
[Date "2012.04.11"]
[Round "6.49"]
[White "Muratet Casadevall,A"]
[Black "Bejatovic,B"]
[Result "1/2-1/2"]
[WhiteElo "2185"]
[BlackElo "1944"]

1.e4 c5 2.c3 Nf6 3.e5 Nd5 4.Nf3 e6 5.d4 cxd4 6.cxd4 d6 7.a3 Bd7 8.Bd3 Bc6
9.O-O Be7 10.Re1 O-O 11.b4 a6 12.Qb3 Nd7 13.Nbd2 Rc8 14.Bc4 dxe5 15.dxe5 Re8
16.Bb2 Nf8 17.g3 Qd7 18.Qd1 Red8 19.Nd4 Ng6 20.Qh5 Nb6  1/2-1/2

[Event "ch-ISL 2012"]
[Site "Kopavogur ISL"]
[Date "2012.04.13"]
[Round "1"]
[White "Kjartansson,Dav"]
[Black "Stefansson,H"]
[Result "1/2-1/2"]
[WhiteElo "2305"]
[BlackElo "2531"]

1.e4 c5 2.c3 Nf6 3.e5 Nd5 4.Nf3 e6 5.d4 cxd4 6.cxd4 d6 7.Bc4 Nb6 8.Bb3 dxe5
9.Nxe5 N8d7 10.O-O Nxe5 11.dxe5 Qxd1 12.Rxd1 Bd7 13.Be3 Bc6 14.Nc3 Be7 15.a4 Nd7
16.Nb5 O-O 17.Nxa7 Nxe5 18.Nxc6 Nxc6 19.Rac1 Bf6 20.Rd2 Rfd8  1/2-1/2

[Event "Karposh Open 2012"]
[Site "Skopje MKD"]
[Date "2012.04.14"]
[Round "9.51"]
[White "Nikolovska,D"]
[Black "Ljangov,P"]
[Result "0-1"]
[WhiteElo "1773"]
[BlackElo "2089"]

1.e4 c5 2.c3 Nf6 3.e5 Nd5 4.d4 cxd4 5.Nf3 Nc6 6.cxd4 d6 7.Bc4 Nb6 8.Bb5 Bd7
9.exd6 e6 10.Bg5 Qb8 11.Nc3 Bxd6 12.O-O O-O 13.Ne4 Nb4 14.Ne5 Bxe5 15.dxe5 Qxe5
16.Bxd7 Nxd7 17.Qxd7 Qxe4 18.Be7 Rfe8 19.Rad1 Nd5 20.Bc5 Nf6 21.Qb5 Qf5 22.Qb4 b6
23.Bd6 h6 24.h3 Nd5 25.Qa4 Qf6 26.Qb5 Qd8 27.Be5 f6 28.Bd4 Qc7 29.Rfe1 Qb7
30.b3 Nf4 31.f3 Qd5 32.Qf1 Qf5 33.Re4 e5 34.Rde1 Rec8 35.Bf2 Rc2 36.b4 Rd8
37.Rc1 Rxc1 38.Qxc1 Qxe4  0-1

[Event "Belgrade Cup Final 2012"]
[Site "Belgrade SRB"]
[Date "2012.04.18"]
[Round "1.1"]
[White "Nedeljkovic,Dr"]
[Black "Dimic,P"]
[Result "0-1"]
[WhiteElo "2156"]
[BlackElo "2071"]

1.e4 c5 2.c3 Nf6 3.e5 Nd5 4.d4 cxd4 5.Qxd4 e6 6.Bc4 Nc6 7.Qe4 d6 8.exd6 Nf6
9.Qe2 Qxd6 10.Nf3 Be7 11.O-O O-O 12.Re1 b6 13.Bg5 Bb7 14.Na3 a6 15.Bd3 Rfd8
16.Rad1 Qc7 17.Nc4 b5 18.Nce5 Nxe5 19.Nxe5 Bd5 20.c4 bxc4 21.Bxc4 Bxc4 22.Qxc4 Rxd1  0-1

[Event "10th Nabokov Mem GM"]
[Site "Kiev UKR"]
[Date "2012.04.19"]
[Round "1.2"]
[White "Vysochin,S"]
[Black "Grinev,V"]
[Result "1-0"]
[WhiteElo "2550"]
[BlackElo "2404"]

1.e4 c5 2.c3 Nf6 3.e5 Nd5 4.Nf3 Nc6 5.Bc4 Nb6 6.Bb3 d5 7.exd6 Qxd6 8.O-O Be6
9.Bxe6 Qxe6 10.a4 Qd7 11.a5 Nd5 12.a6 b5 13.d4 e6 14.Ne5 Nxe5 15.dxe5 g6
16.Qe2 Bg7 17.Ra5 c4 18.b3 O-O 19.bxc4 bxc4 20.Ba3 Rfc8 21.Bd6 Rc6 22.Qg4 h5
23.Qh3 Qc8 24.Rd1 Rxa6 25.Rdxd5 Qb7 26.Rdb5 Qe4 27.Qe3 Qc2 28.Qe1  1-0

[Event "14th Dubai Open 2012"]
[Site "Dubai UAE"]
[Date "2012.04.21"]
[Round "6.21"]
[White "Ahmadinia,E"]
[Black "Shyam,N"]
[Result "0-1"]
[WhiteElo "2379"]
[BlackElo "2490"]

1.e4 c5 2.c3 Nf6 3.e5 Nd5 4.Nf3 e6 5.d4 cxd4 6.cxd4 d6 7.Bc4 Nb6 8.Bd3 Bd7
9.O-O Bc6 10.Nc3 N8d7 11.Ne4 dxe5 12.Nxe5 Nxe5 13.dxe5 Qd5 14.Bf4 Rd8 15.Bc2 Qc4
16.Qb1 Nd5 17.Bb3 Qb4 18.Bd2 Qd4 19.Re1 Be7 20.Bxd5 Bxd5 21.Bc3 Qc4 22.Re3 O-O
23.a3 Qc6 24.Qc2 Rc8 25.Qe2 Bxe4 26.Rxe4 Rfd8 27.h3 Rd5 28.Rd4 Rxd4 29.Bxd4 Qa4
30.Bc3 Rd8 31.Re1 Rd5 32.g3 g6 33.h4 Bf8 34.h5 b5 35.Qe4 Qxe4 36.Rxe4 gxh5
37.a4 a6 38.axb5 axb5 39.Kg2 Be7 40.Kh3 Kg7 41.Bd4 Kg6 42.g4 Bg5 43.gxh5+ Kxh5
44.Rg4 h6 45.Kg3 Rd8 46.Bc3 Rd3+ 47.f3 Kg6 48.Rb4 Rd5 49.f4 Be7 50.Rd4 Rxd4
51.Bxd4 Kf5 52.Kf3 Bb4 53.Be3 h5 54.b3 Be1 55.Bc1 h4 56.Be3 h3 57.Bg1 Bd2
58.Bh2 Bc1 59.Bg3 Ba3 60.Bh2 Bc5 61.Kg3 Bd4 62.Kf3 Bc5 63.Kg3 b4 64.Kf3 Bd4
65.Bg3 Bg1 66.Be1 h2 67.Kg2 Bc5 68.Bd2 Ke4 69.Kxh2 Kd3 70.Be1 Kc2 71.Kg3 Kxb3
72.Kg4 Kc4 73.Bd2 b3 74.Bc1 Kc3  0-1

[Event "10th Nabokov Mem IM"]
[Site "Kiev UKR"]
[Date "2012.04.21"]
[Round "3.2"]
[White "Kernazhitsky,L"]
[Black "Dolzhikova,K"]
[Result "1/2-1/2"]
[WhiteElo "2306"]
[BlackElo "2322"]

1.e4 c5 2.c3 Nf6 3.e5 Nd5 4.d4 cxd4 5.Nf3 Nc6 6.cxd4 d6 7.Bc4 Nb6 8.Bb5 dxe5
9.Nxe5 Bd7 10.Nxd7 Qxd7 11.Nc3 e6 12.O-O Be7 13.Qg4 O-O 14.Rd1 f5 15.Qf3 Rad8
16.d5 exd5 17.Be3 d4 18.Bxc6 Qxc6 19.Qxc6 bxc6 20.Bxd4 c5 21.Be5 Kf7 22.Nb5 a6
23.Nc7 a5 24.Kf1 Bf6 25.Bxf6 Kxf6 26.Ke2 g6 27.b3 Ke7 28.Rac1 Rxd1 29.Rxd1 Rc8
30.Nb5 c4 31.Rd6 cxb3 32.axb3 Nd7 33.Rd2  1/2-1/2

[Event "10th Nabokov Mem GM"]
[Site "Kiev UKR"]
[Date "2012.04.21"]
[Round "3.2"]
[White "Kislinsky,A"]
[Black "Baryshpolets,A"]
[Result "1/2-1/2"]
[WhiteElo "2532"]
[BlackElo "2486"]

1.e4 c5 2.c3 Nf6 3.e5 Nd5 4.Bc4 e6 5.d4 cxd4 6.cxd4 d6 7.Qe2 Nc6 8.Nf3 Be7
9.O-O O-O 10.Nc3 Nxc3 11.bxc3 dxe5 12.dxe5 Qa5 13.Qe4 Qa4 14.Bg5 h6 15.Bf6 Re8
16.Bxe7 Rxe7 17.Rad1 Bd7 18.Qe2 Be8 19.Bb3 Qa3 20.Qe4 Rc7 21.Bc2 g6 22.Bb3 Qf8
23.Nd4 Nxd4 24.cxd4  1/2-1/2